[Event "26.Off.Bayer.Senioren-EM 2014"]
[Site "Bergen"]
[Date "2014.06.25"]
[Round "6.8"]
[White "Babichev, Vyacheslav"]
[Black "Gerl, Hans"]
[Result "0-1"]
[WhiteElo "1689"]
[BlackElo "1917"]
[PlyCount "98"]
[EventDate "2014.??.??"]
[WhiteTeam "SW Nürnberg Süd e.V."]
[BlackTeam "SK Zirndorf e.V."]

1. b3 d5 2. Bb2 c5 3. e3 a6 4. g3 Nc6 5. Bg2 e6 6. Nf3 Nf6 7. Ne5 Nxe5 8. Bxe5
Be7 9. O-O O-O 10. Bb2 Bd7 11. d3 Bc6 12. Nd2 Qc7 13. f4 b5 14. Be5 Qb6 15. Qe2
Rac8 16. c4 Rfd8 17. Bb2 Rd7 18. Rab1 Rcd8 19. cxb5 axb5 20. Nf3 Ra7 21. a4
bxa4 22. bxa4 Qc7 23. Be5 Qd7 24. Bb8 Rb7 25. Ne5 Qc8 26. Nxc6 Qxc6 27. Rxb7
Qxb7 28. Be5 Ra8 29. Ra1 Qb4 30. Qd1 Nd7 31. Qc2 Nxe5 32. fxe5 Bg5 33. Kf2
Bxe3+ 34. Ke2 Qd4 35. Ra2 Qxe5 36. Bf3 Bd4+ 37. Kf1 Qe3 38. Kg2 Qg1+ 39. Kh3
Qf1+ 40. Bg2 Qf5+ 41. g4 Qg5 42. Bf3 Qf4 43. Qd1 Be5 44. Qh1 Rxa4 45. Rxa4 Qxa4
46. Be2 Qf4 47. Qg1 Bd4 48. Qg3 Qxg3+ 49. Kxg3 Be5+ 0-1

[Event "26.Off.Bayer.Senioren-EM 2014"]
[Site "Bergen"]
[Date "2014.06.25"]
[Round "6.9"]
[White "Glueck, Josef"]
[Black "Mahrla, Hans"]
[Result "1-0"]
[WhiteElo "1899"]
[BlackElo "1626"]
[PlyCount "45"]
[EventDate "2014.??.??"]
[WhiteTeam "SG Traunstein/Traunreut e.V."]
[BlackTeam "SC Eichenau"]

1. Nf3 Nf6 2. c4 e6 3. g3 d5 4. Bg2 Be7 5. O-O Nbd7 6. d4 b6 7. Ne5 Bb7 8. Qa4
O-O 9. Nc6 Qe8 10. Nxe7+ Qxe7 11. Nc3 c5 12. cxd5 exd5 13. Bg5 cxd4 14. Qxd4 h6
15. Bxd5 Bxd5 16. Nxd5 Qe4 17. Nxf6+ Nxf6 18. Bxf6 Qxd4 19. Bxd4 Rfd8 20. e3
Rac8 21. Rfc1 Kf8 22. Kg2 f6 23. a4 1-0

[Event "26.Off.Bayer.Senioren-EM 2014"]
[Site "Bergen"]
[Date "2014.06.25"]
[Round "6.10"]
[White "Miskevicer, Boris"]
[Black "Zehfuss, Helmut"]
[Result "1-0"]
[WhiteElo "2079"]
[BlackElo "1710"]
[PlyCount "75"]
[EventDate "2014.??.??"]
[WhiteTeam "SG Schwabing München Nord e.V."]
[BlackTeam "SG Traunstein/Traunreut e.V."]

1. d4 Nf6 2. c4 g6 3. Nc3 Bg7 4. e4 d6 5. f3 O-O 6. Be3 Nc6 7. Nge2 a6 8. Qd2
Re8 9. g4 Bd7 10. Bh6 e5 11. Bxg7 Kxg7 12. d5 Ne7 13. Ng3 h6 14. h4 Nh7 15. Bd3
Rb8 16. b4 c6 17. a4 cxd5 18. exd5 Qb6 19. Nce2 Ng8 20. a5 Qc7 21. h5 Ng5 22.
O-O e4 23. Qc3+ Kh7 24. Nxe4 Nxe4 25. Bxe4 Bxg4 26. hxg6+ fxg6 27. Qd3 Bh5 28.
Nf4 Qe7 29. Bxg6+ Bxg6 30. Qxg6+ Kh8 31. Ne6 Qh7 32. Qxh7+ Kxh7 33. Kf2 Nf6 34.
Rg1 Re7 35. Ke3 b6 36. axb6 Rxb6 37. Kd4 Ne8 38. Nf8+ 1-0

[Event "26.Off.Bayer.Senioren-EM 2014"]
[Site "Bergen"]
[Date "2014.06.25"]
[Round "6.11"]
[White "Koenigl, Anton"]
[Black "Kochseder, Georg"]
[Result "1/2-1/2"]
[WhiteElo "1696"]
[BlackElo "1892"]
[PlyCount "30"]
[EventDate "2014.??.??"]
[WhiteTeam "FC Ergolding 1932 e.V."]
[BlackTeam "TV 1890 Hallstadt"]

1. d4 d5 2. Nf3 Nf6 3. e3 c6 4. Bd3 h6 5. Nbd2 Nbd7 6. c4 e6 7. b3 Bd6 8. Bb2
O-O 9. O-O Re8 10. Ne5 Bc7 11. f4 Nf8 12. Kh1 N6h7 13. Ndf3 f5 14. g4 Bxe5 15.
Nxe5 Nd7 1/2-1/2

[Event "26.Off.Bayer.Senioren-EM 2014"]
[Site "Bergen"]
[Date "2014.06.25"]
[Round "6.12"]
[White "Harke, Horst"]
[Black "Duerr, Rainer"]
[Result "0-1"]
[WhiteElo "1686"]
[BlackElo "1861"]
[PlyCount "60"]
[EventDate "2014.??.??"]
[WhiteTeam "SK Varel"]
[BlackTeam "SC Prien"]

1. d4 d5 2. c4 c6 3. e3 Nf6 4. Nc3 e6 5. Nf3 Nbd7 6. Bd3 dxc4 7. Bxc4 b5 8. Be2
Bb7 9. O-O Be7 10. b3 O-O 11. Bb2 b4 12. Na4 c5 13. dxc5 Nxc5 14. Nxc5 Bxc5 15.
Qxd8 Rfxd8 16. Bxf6 gxf6 17. Rfd1 Kf8 18. Rac1 Rxd1+ 19. Rxd1 Ke7 20. Bb5 Rd8
21. Rxd8 Kxd8 22. Ne1 Bd6 23. Nd3 f5 24. f3 e5 25. g4 Bxf3 26. g5 Be4 27. h4
Ke7 28. Kf2 Kf8 29. h5 Kg7 30. Kg3 Bxd3 0-1

[Event "26.Off.Bayer.Senioren-EM 2014"]
[Site "Bergen"]
[Date "2014.06.25"]
[Round "6.13"]
[White "Stadler, Lothar"]
[Black "Pidtoptanyy, Igor"]
[Result "0-1"]
[WhiteElo "1674"]
[BlackElo "1821"]
[PlyCount "98"]
[EventDate "2014.??.??"]
[WhiteTeam "SAbt SV Weiss-BL.Allianz"]
[BlackTeam "SW Nürnberg Süd e.V."]

1. c4 Nf6 2. d4 e6 3. Nc3 Bb4 4. Qc2 O-O 5. Nf3 d5 6. Bg5 c5 7. a3 cxd4 8. Nxd4
Bxc3+ 9. Qxc3 e5 10. Nc2 d4 11. Qf3 Nbd7 12. e3 e4 13. Qf4 d3 14. Nd4 Qb6 15.
O-O-O Nc5 16. Bxf6 Qxf6 17. Qxf6 gxf6 18. f3 f5 19. b4 Na4 20. g4 Nc3 21. Re1
fxg4 22. Kd2 Na4 23. fxe4 Nb6 24. Bxd3 Nd7 25. h3 h5 26. hxg4 hxg4 27. Nf5 Ne5
28. Be2 Be6 29. Reg1 Bxf5 30. exf5 Kg7 31. Bxg4 Nxc4+ 32. Ke2 Rfe8 33. Bf3+ Kf6
34. e4 Rad8 35. Rh6+ Ke5 36. Rc1 Rd2+ 37. Ke1 Rd4 38. Kf2 Rg8 39. b5 b6 40. Rc6
Rd2+ 41. Be2 Nd6 42. Ke3 Nxe4 43. Rc7 Re8 44. Bd3 Rh2 45. Bxe4 Rh3+ 46. Bf3
Kxf5+ 47. Re7 Rxe7+ 48. Kf2 Rh2+ 49. Kg3 Rb2 0-1

[Event "26.Off.Bayer.Senioren-EM 2014"]
[Site "Bergen"]
[Date "2014.06.25"]
[Round "6.14"]
[White "Krafzik, Joachim"]
[Black "Boldt, Heinrich"]
[Result "0-1"]
[WhiteElo "1819"]
[BlackElo "1701"]
[PlyCount "80"]
[EventDate "2014.??.??"]
[WhiteTeam "SC Haar 1931"]
[BlackTeam "TSV Kareth-Lappersdorf"]

1. b4 e5 2. Bb2 d6 3. e3 Nf6 4. c4 Bf5 5. Nf3 h6 6. Nc3 Nbd7 7. Be2 Be7 8. d4
Ne4 9. Nd5 Bf6 10. Nxf6+ Qxf6 11. dxe5 dxe5 12. O-O O-O 13. Qc1 Rfe8 14. Nxe5
Nxe5 15. f4 Qe7 16. Bxe5 f6 17. Bd4 Qxb4 18. c5 b6 19. cxb6 cxb6 20. a3 Qd2 21.
Qc4+ Kh7 22. Rfe1 Qa5 23. g4 Rac8 24. Qa2 Be6 25. Qb1 f5 26. Bd3 Nc3 27. Bxc3
Qxc3 28. gxf5 Bf7 29. Kf2 Kh8 30. Rg1 Qd2+ 31. Kf1 Qxe3 32. Rg2 Qxf4+ 33. Rf2
Qe3 34. Be2 Bc4 35. Bxc4 Rxc4 36. Qd1 Rf4 37. Raa2 Re5 38. Qd8+ Kh7 39. f6 Qh3+
40. Kg1 Re1+ 0-1

[Event "26.Off.Bayer.Senioren-EM 2014"]
[Site "Bergen"]
[Date "2014.06.25"]
[Round "6.15"]
[White "Klein, Reinhard"]
[Black "Schroeder, Klaus"]
[Result "0-1"]
[WhiteElo "1803"]
[BlackElo "1680"]
[PlyCount "78"]
[EventDate "2014.??.??"]
[WhiteTeam "Münchener SC 1836 e.V."]
[BlackTeam "SC Karlsdorf"]

1. d4 c5 2. d5 d6 3. e4 e5 4. Nc3 Nf6 5. Bc4 Nbd7 6. a4 b6 7. Nf3 Be7 8. O-O
O-O 9. Ne1 Ne8 10. Qd3 g5 11. Ne2 Ng7 12. Ng3 Nb8 13. Be3 a5 14. c3 Na6 15. Nc2
Nc7 16. b4 axb4 17. cxb4 Ba6 18. b5 Bc8 19. Ra3 f5 20. exf5 Nxf5 21. Bd2 Nxg3
22. Qxg3 Bf5 23. Ne3 Bg6 24. f3 Rf4 25. Qe1 Rxc4 26. Nxc4 Nxd5 27. Qc1 Nf4 28.
Bxf4 gxf4 29. Rd1 Qc7 30. Qd2 Bf7 31. Qe2 Bf8 32. Qe4 Ra7 33. Qd3 d5 34. Nd2 c4
35. Qc3 Qc5+ 36. Kh1 d4 37. Qc1 Qxa3 38. Qxa3 Bxa3 39. Ne4 c3 0-1

[Event "26.Off.Bayer.Senioren-EM 2014"]
[Site "Bergen"]
[Date "2014.06.25"]
[Round "6.16"]
[White "Klueber, Werner"]
[Black "Mehlhorn, Dieter"]
[Result "1-0"]
[WhiteElo "1769"]
[BlackElo "1656"]
[PlyCount "113"]
[EventDate "2014.??.??"]
[WhiteTeam "SC Prichsenstadt"]
[BlackTeam "Post-SV Crimmitschau"]

1. d4 d5 2. Nf3 Nf6 3. c4 e6 4. Nc3 Nbd7 5. cxd5 exd5 6. Bg5 Be7 7. e3 c6 8.
Bd3 Nf8 9. Qc2 h6 10. Bh4 Nh5 11. Bxe7 Qxe7 12. O-O Ne6 13. Ne5 Nf6 14. Rab1
Bd7 15. b4 Rc8 16. Qd2 O-O 17. Rfc1 a6 18. a4 Nc7 19. b5 axb5 20. axb5 Rb8 21.
Rb2 Be8 22. bxc6 Bxc6 23. Rcb1 Qd6 24. Nxc6 Qxc6 25. Rb6 Qe8 26. Rxb7 Rxb7 27.
Rxb7 Ne6 28. Qb2 Qa8 29. h3 Rc8 30. Rb3 g6 31. Bf1 Kg7 32. g3 Qa5 33. Bg2 Ng5
34. Ra3 Qc7 35. Kh2 Qd7 36. Rb3 Qf5 37. Qe2 Nge4 38. Nxe4 Nxe4 39. Rb2 Nd6 40.
h4 Rd8 41. Qf3 Qxf3 42. Bxf3 Ne8 43. Rb5 Nf6 44. g4 g5 45. h5 Kf8 46. Kg3 Ke7
47. Bg2 Ke6 48. f4 gxf4+ 49. Kxf4 Rg8 50. Bf3 Rg5 51. Rb6+ Ke7 52. Ra6 Ng8 53.
Rxh6 Rxg4+ 54. Bxg4 Nxh6 55. Kg5 Ng8 56. Bf3 Kd6 57. h6 1-0

[Event "26.Off.Bayer.Senioren-EM 2014"]
[Site "Bergen"]
[Date "2014.06.25"]
[Round "6.17"]
[White "Husser, Oskar"]
[Black "Reimann, Guenther"]
[Result "1/2-1/2"]
[WhiteElo "1620"]
[BlackElo "1768"]
[PlyCount "45"]
[EventDate "2014.??.??"]
[WhiteTeam "SC Caissa Falkensee e.V."]
[BlackTeam "SC Magstadt"]

1. Nf3 e6 2. d3 d5 3. g3 Nf6 4. Bg2 Be7 5. Nbd2 O-O 6. O-O Nbd7 7. Re1 e5 8. e4
d4 9. Nc4 Bb4 10. Bd2 Bxd2 11. Qxd2 Re8 12. c3 c5 13. cxd4 cxd4 14. Nd6 Re6 15.
Nxc8 Rxc8 16. Bh3 Re7 17. Rec1 h6 18. Rxc8 Qxc8 19. Rc1 Qd8 20. Nh4 Qb6 21.
Rc8+ Nf8 22. Nf5 Rc7 23. Rxc7 1/2-1/2

[Event "26.Off.Bayer.Senioren-EM 2014"]
[Site "Bergen"]
[Date "2014.06.25"]
[Round "6.18"]
[White "Kammel, Rudolf"]
[Black "Braeu, Ludwig"]
[Result "1-0"]
[WhiteElo "1613"]
[BlackElo "1759"]
[PlyCount "93"]
[EventDate "2014.??.??"]
[WhiteTeam "SC Bavaria Regensb.1881"]
[BlackTeam "SK Marktoberdorf"]

1. e4 c5 2. Nf3 Nc6 3. d4 cxd4 4. c3 dxc3 5. Nxc3 d6 6. Bc4 e6 7. O-O Be7 8.
Qe2 a6 9. Rd1 Bd7 10. Bf4 e5 11. Be3 Nf6 12. Bg5 Bg4 13. Bxf6 Bxf6 14. Nd5 Nd4
15. Qd3 Bxf3 16. gxf3 O-O 17. Kh1 Bh4 18. Rg1 Kh8 19. f4 f5 20. Rg2 b5 21. Bb3
Nxb3 22. Qxb3 fxe4 23. Rag1 Ra7 24. Qh3 exf4 25. Rg4 g5 26. Qc3+ Rg7 27. Rxh4
Kg8 28. Rh6 Rff7 29. h4 g4 30. Nf6+ Kf8 31. Rxg4 Rxg4 32. Nxg4 Qd7 33. Nf6 Qf5
34. Nh5 Qg4 35. Nf6 Qf5 36. Kh2 f3 37. Nxh7+ Kg8 38. Ng5 Rg7 39. Rxd6 Qf4+ 40.
Kh3 Qxd6 41. Qc8+ Qf8 42. Qxf8+ Kxf8 43. Ne6+ Kf7 44. Nxg7 Kxg7 45. Kg3 Kg6 46.
Kf4 Kh5 47. Kxe4 1-0

[Event "26.Off.Bayer.Senioren-EM 2014"]
[Site "Bergen"]
[Date "2014.06.25"]
[Round "6.19"]
[White "Leuschner, Guenter"]
[Black "Baumgartner, Andreas"]
[Result "0-1"]
[WhiteElo "1755"]
[BlackElo "1618"]
[PlyCount "106"]
[EventDate "2014.??.??"]
[WhiteTeam "SK Nürnberg 1911 e.V."]
[BlackTeam "ASV J'Adoube Grassau SAB"]

1. d4 Nf6 2. c4 e6 3. g3 c6 4. Bg2 d5 5. Nf3 Bd6 6. Qc2 Nbd7 7. O-O O-O 8. b3
Re8 9. Bb2 e5 10. dxe5 Nxe5 11. Nbd2 Bg4 12. Rad1 Qe7 13. Rfe1 Bxf3 14. exf3
Qd8 15. cxd5 Nxd5 16. f4 Nd7 17. Ne4 Be7 18. h4 Rc8 19. Bh3 Rc7 20. Bf5 g6 21.
Bh3 f5 22. Nc3 N7f6 23. Bf1 Bf8 24. Rxe8 Nxe8 25. Bc4 Nef6 26. Qd3 Rd7 27. a4
Bg7 28. Re1 Kh8 29. Nxd5 Nxd5 30. Bxg7+ Kxg7 31. Qd4+ Nf6 32. Qe5 Rd1 33. Rxd1
Qxd1+ 34. Kg2 Qd8 35. h5 Kh6 36. hxg6 hxg6 37. Qe1 Qd4 38. Qb4 b6 39. Qf8+ Kh7
40. Qf7+ Kh6 41. f3 a5 42. Qf8+ Kh7 43. Qe7+ Kh6 44. Qe5 Qd8 45. Qe6 c5 46. Qe2
Kg7 47. g4 fxg4 48. fxg4 Qd7 49. Be6 Qd4 50. Kf3 Qc3+ 51. Qe3 Qa1 52. Bc4 Qh1+
53. Kg3 Ne4+ 0-1

[Event "26.Off.Bayer.Senioren-EM 2014"]
[Site "Bergen"]
[Date "2014.06.25"]
[Round "6.20"]
[White "Kaufmann, Helmut"]
[Black "Alefs, Willi"]
[Result "1-0"]
[WhiteElo "1742"]
[BlackElo "1533"]
[PlyCount "85"]
[EventDate "2014.??.??"]
[WhiteTeam "SK Eutingen"]
[BlackTeam "SC Fuldatal"]

1. d4 Nf6 2. e3 b6 3. Bd3 Bb7 4. Nf3 Nc6 5. c3 d5 6. Nbd2 e6 7. O-O Bd6 8. Qe2
Ne7 9. Ne5 c6 10. e4 Qc7 11. exd5 Nexd5 12. Ndc4 Be7 13. f4 b5 14. Nd2 b4 15.
c4 Nb6 16. c5 Nbd5 17. a3 bxa3 18. Rxa3 Nb4 19. Bc4 Nc2 20. Rd3 Rd8 21. Ndf3
Nb4 22. Ra3 Ra8 23. Ng5 Rf8 24. f5 Nbd5 25. fxe6 fxe6 26. Nxe6 Qc8 27. Nxf8
Kxf8 28. Bxd5 cxd5 29. Bg5 a5 30. Rf2 Kg8 31. Re3 Qd8 32. c6 Bc8 33. Nd7 Ba6
34. Qf3 Kh8 35. Nxf6 gxf6 36. Bxf6+ Bxf6 37. Qxf6+ Qxf6 38. Rxf6 Bb5 39. c7 Rc8
40. Re7 Kg8 41. Rd6 Kf8 42. Rxh7 Be8 43. Rd8 1-0

[Event "26.Off.Bayer.Senioren-EM 2014"]
[Site "Bergen"]
[Date "2014.06.25"]
[Round "6.21"]
[White "Scheuerlein, Gerhard"]
[Black "Wolf, Reinhard"]
[Result "1-0"]
[WhiteElo "1585"]
[BlackElo "1731"]
[PlyCount "43"]
[EventDate "2014.??.??"]
[WhiteTeam "SK Schwabach 1907 e.V."]
[BlackTeam "SV Königsspringer 1929 Großauhei"]

1. d4 Nf6 2. c4 e6 3. Nc3 d5 4. cxd5 exd5 5. Nf3 c6 6. Qb3 Bd6 7. Bg5 O-O 8. e3
Nbd7 9. Bd3 h6 10. Bh4 Re8 11. g4 g5 12. Nxg5 hxg5 13. Bxg5 Qb6 14. Qc2 Qxd4
15. O-O-O Qe5 16. Bf4 Qe7 17. g5 Nh5 18. g6 fxg6 19. Bh6 Ne5 20. Be2 Ng7 21. f3
Bf5 22. Qb3 1-0

[Event "26.Off.Bayer.Senioren-EM 2014"]
[Site "Bergen"]
[Date "2014.06.25"]
[Round "6.22"]
[White "Reichwald, Klaus"]
[Black "Hein, Manfred"]
[Result "1/2-1/2"]
[WhiteElo "1707"]
[BlackElo "1943"]
[PlyCount "88"]
[EventDate "2014.??.??"]
[WhiteTeam "SC Lohhof 1950 e.V."]
[BlackTeam "FC Gunzenhausen 1910 e.V"]

1. e4 e5 2. Nf3 Nc6 3. Bb5 d6 4. d3 Bd7 5. Be3 a6 6. Bxc6 Bxc6 7. Nbd2 Nf6 8.
h3 g6 9. O-O Bg7 10. Nh2 Qd7 11. Re1 O-O 12. c4 b6 13. Ndf1 a5 14. Qd2 Qe6 15.
Bh6 Bd7 16. Bxg7 Kxg7 17. Ng3 Ng8 18. f4 exf4 19. Qxf4 Qe5 20. Qxe5+ dxe5 21.
Nf3 f6 22. Rad1 c5 23. Nf1 Be6 24. Ne3 Rab8 25. Nd5 Rf7 26. a4 Rd7 27. b3 Ne7
28. Kh2 Nc6 29. g4 Rf7 30. Rg1 h6 31. Rd2 Nd8 32. Rdg2 Bd7 33. h4 g5 34. hxg5
hxg5 35. Kg3 Bc6 36. Rh2 Bxd5 37. exd5 Nb7 38. Rgh1 Rg8 39. Rh7+ Kf8 40. Rxf7+
Kxf7 41. Rh7+ Rg7 42. Rxg7+ Kxg7 43. Nd2 Nd6 44. Ne4 Nxe4+ 1/2-1/2

[Event "26.Off.Bayer.Senioren-EM 2014"]
[Site "Bergen"]
[Date "2014.06.25"]
[Round "6.23"]
[White "Rueckleben, Hermann"]
[Black "Perzl, Michael"]
[Result "1/2-1/2"]
[WhiteElo "1876"]
[BlackElo "1754"]
[PlyCount "33"]
[EventDate "2014.??.??"]
[WhiteTeam "SF Baden-Lichtental"]
[BlackTeam "TSV Trostberg"]

1. c4 c5 2. g3 Nf6 3. Bg2 d5 4. cxd5 Nxd5 5. Nc3 Nxc3 6. bxc3 Qc7 7. d3 Nc6 8.
f4 g6 9. Rb1 Bd7 10. Nf3 Rd8 11. Qc2 Bg7 12. O-O O-O 13. e4 e5 14. Nh4 f6 15.
fxe5 Qxe5 16. Nf3 Qe6 17. Bf4 1/2-1/2

[Event "26.Off.Bayer.Senioren-EM 2014"]
[Site "Bergen"]
[Date "2014.06.25"]
[Round "6.24"]
[White "Klein, Klaus"]
[Black "Neumeister, Herbert"]
[Result "1/2-1/2"]
[WhiteElo "1809"]
[BlackElo "1716"]
[PlyCount "42"]
[EventDate "2014.??.??"]
[WhiteTeam "SF Heidelberg"]
[BlackTeam "Schachvereinigung Düren 13 Deric"]

1. e4 c5 2. Nf3 d6 3. d4 cxd4 4. Qxd4 Nc6 5. Bb5 Bd7 6. Bxc6 bxc6 7. c4 c5 8.
Qd3 Bc6 9. O-O e6 10. Nc3 Nf6 11. Bg5 h6 12. Bf4 e5 13. Bg3 a6 14. Rad1 g5 15.
Rd2 Qc7 16. Ne1 h5 17. h4 g4 18. f4 gxf3 19. Rxf3 Ng4 20. Nc2 O-O-O 21. Nd5 Qb7
1/2-1/2

[Event "26.Off.Bayer.Senioren-EM 2014"]
[Site "Bergen"]
[Date "2014.06.25"]
[Round "6.25"]
[White "Appel, Juergen"]
[Black "Willin, Bernhard"]
[Result "1-0"]
[WhiteElo "1650"]
[BlackElo "1807"]
[PlyCount "57"]
[EventDate "2014.??.??"]
[WhiteTeam "Zwickauer Schachclub"]
[BlackTeam "SC Horben"]

1. d4 Nf6 2. Nf3 d5 3. e3 Bg4 4. Nbd2 e6 5. Be2 Bd6 6. h3 Bh5 7. O-O O-O 8. c4
c6 9. Re1 Nbd7 10. b3 e5 11. dxe5 Nxe5 12. cxd5 Nxd5 13. Bb2 Nxf3+ 14. Nxf3 Re8
15. Qd4 Bf8 16. Nh2 Bg6 17. Ng4 Re4 18. Nh6+ Kh8 19. Nxf7+ Bxf7 20. Qxe4 Qg5
21. Bc4 b5 22. Bxd5 Bxd5 23. Qg4 Qh6 24. f4 Re8 25. Be5 c5 26. Rad1 Qc6 27. Qg5
Kg8 28. h4 h6 29. Qg3 1-0

[Event "26.Off.Bayer.Senioren-EM 2014"]
[Site "Bergen"]
[Date "2014.06.25"]
[Round "6.26"]
[White "Hansch, Klaus-Michael"]
[Black "Niedermaier, Peter"]
[Result "1-0"]
[WhiteElo "1766"]
[BlackElo "1684"]
[PlyCount "43"]
[EventDate "2014.??.??"]
[WhiteTeam "SC Weisse Dame e.V."]
[BlackTeam "SU Ebersberg-Grafing"]

1. d4 Nf6 2. Nc3 g6 3. Bg5 Bg7 4. e4 d6 5. e5 Nfd7 6. Nd5 c6 7. Nxe7 dxe5 8.
dxe5 Bxe5 9. c3 f6 10. Nxc8 Qxc8 11. Bh6 Kd8 12. Be2 Re8 13. Nf3 Na6 14. Nxe5
Rxe5 15. Bf4 Rd5 16. Qc2 Nc7 17. O-O Nb6 18. Bf3 Rd7 19. Rad1 f5 20. Bg5+ Ke8
21. Rfe1+ Kf7 22. Qb3+ 1-0

[Event "26.Off.Bayer.Senioren-EM 2014"]
[Site "Bergen"]
[Date "2014.06.25"]
[Round "6.27"]
[White "Otto, Klaus"]
[Black "Hermann, Josef"]
[Result "1-0"]
[WhiteElo "1499"]
[BlackElo "1687"]
[PlyCount "107"]
[EventDate "2014.??.??"]
[WhiteTeam "Thüringer Schachverein Triebes"]
[BlackTeam "TSV Trostberg"]

1. e4 e6 2. d4 d5 3. exd5 exd5 4. Bd3 Nc6 5. c3 Bd6 6. Nf3 Bg4 7. Be3 Qf6 8.
Nbd2 h6 9. Qb3 Nge7 10. h3 Bh5 11. O-O-O Rb8 12. Rde1 O-O 13. g4 Bg6 14. g5 Qe6
15. Bxg6 Qxg6 16. gxh6 Qh5 17. hxg7 Rfe8 18. Reg1 Na5 19. Qd1 Nf5 20. Rg5 Qh7
21. Qg1 Be7 22. Rg4 Bf6 23. Bf4 Rbc8 24. Be5 Re6 25. Ng5 Bxg5 26. Rxg5 f6 27.
Rg6 Kf7 28. g8=Q+ Rxg8 29. Rxg8 Qxg8 30. Qxg8+ Kxg8 31. Bxc7 Nc6 32. Rg1+ Kh7
33. Kd1 Re7 34. Bf4 Nd8 35. b3 Ne6 36. Bh2 Ng5 37. Bf4 Ne6 38. Bb8 a6 39. Nf3
b5 40. h4 Re8 41. Bh2 Rc8 42. Kd2 b4 43. Rc1 Nexd4 44. Nxd4 bxc3+ 45. Rxc3 Nxd4
46. Rxc8 Nf3+ 47. Kd3 Nxh2 48. Rc6 Ng4 49. Ke2 Kg6 50. Rxa6 Kh5 51. Rd6 Kxh4
52. Rxd5 Ne5 53. Rxe5 fxe5 54. b4 1-0

[Event "26.Off.Bayer.Senioren-EM 2014"]
[Site "Bergen"]
[Date "2014.06.25"]
[Round "6.28"]
[White "Straub, Peter"]
[Black "Flockerzi, Armin"]
[Result "0-1"]
[WhiteElo "2009"]
[BlackElo "1565"]
[PlyCount "74"]
[EventDate "2014.??.??"]
[WhiteTeam "SK Mering"]
[BlackTeam "VfR-SC Koblenz"]

1. d4 d5 2. c4 c6 3. Nc3 Nf6 4. e3 e6 5. Bd3 g6 6. Nf3 Bg7 7. b3 Nbd7 8. Qc2 b6
9. e4 dxe4 10. Nxe4 Nxe4 11. Bxe4 Qc7 12. Bb2 O-O 13. O-O Ba6 14. Rfd1 Rfd8 15.
b4 Bb7 16. Rab1 Nf6 17. Bd3 c5 18. Be2 Be4 19. Bd3 Bxf3 20. gxf3 cxb4 21. a3
Nh5 22. axb4 Bxd4 23. Bc1 Be5 24. h3 Bf4 25. Bb2 Be5 26. Bc1 Rd7 27. Be3 Bf4
28. Bf1 Rad8 29. Rxd7 Qxd7 30. c5 Rc8 31. Rc1 bxc5 32. bxc5 Qc6 33. Qc4 Bxe3
34. fxe3 Qxf3 35. Qd4 Ng3 36. Qd7 Qxe3+ 37. Kg2 Rb8 0-1

[Event "26.Off.Bayer.Senioren-EM 2014"]
[Site "Bergen"]
[Date "2014.06.25"]
[Round "6.29"]
[White "Schuster, Herbert"]
[Black "Zschorsch, Peter"]
[Result "1/2-1/2"]
[WhiteElo "1615"]
[BlackElo "1788"]
[PlyCount "20"]
[EventDate "2014.??.??"]
[WhiteTeam "SK Landshut"]
[BlackTeam "Karlsruher SF 1853"]

1. e4 d5 2. exd5 Nf6 3. Nc3 Nxd5 4. Bc4 e6 5. Bxd5 exd5 6. Qe2+ Be7 7. Nf3 c6
8. O-O O-O 9. d3 Bg4 10. h3 Bxf3 1/2-1/2

[Event "26.Off.Bayer.Senioren-EM 2014"]
[Site "Bergen"]
[Date "2014.06.25"]
[Round "6.30"]
[White "Kunte, Herbert"]
[Black "Kolkwitz, Klaus"]
[Result "0-1"]
[WhiteElo "1603"]
[BlackElo "1784"]
[PlyCount "116"]
[EventDate "2014.??.??"]
[WhiteTeam "SK Siemens München"]
[BlackTeam "ESV 1949 Eberswalde e.V."]

1. d4 Nf6 2. c4 g6 3. Nf3 d6 4. Nc3 Bg7 5. e4 O-O 6. Be2 b6 7. O-O Bb7 8. Qc2
Nc6 9. a3 e5 10. dxe5 Nxe5 11. Nxe5 dxe5 12. Be3 Qe7 13. Rad1 Rfd8 14. Nd5 Nxd5
15. cxd5 Rd6 16. Bb5 Rad8 17. b4 a6 18. Bc4 Qd7 19. Bb3 Bf8 20. f3 Qc8 21. Bg5
R8d7 22. Be3 Be7 23. Rd2 Qd8 24. Rfd1 Bg5 25. Qc3 Bxe3+ 26. Qxe3 c6 27. Qc3
cxd5 28. Qxe5 d4 29. Rd3 Re7 30. Qf4 Qc7 31. Qd2 b5 32. Rxd4 Qb6 33. Kf1 Rxd4
34. Qxd4 Qxd4 35. Rxd4 Kg7 36. Ke2 f5 37. Ke3 Kf6 38. Bd5 Bc8 39. f4 Rc7 40.
e5+ Ke7 41. Rd3 Rc2 42. Rd2 Rc3+ 43. Kd4 Rxa3 44. Rd3 Rxd3+ 45. Kxd3 h6 46. Kd4
Kd7 47. Kc5 g5 48. g3 Ke7 49. Kb6 Kd8 50. Kc6 Ke7 51. Kb6 Kd7 52. Bb7 Bxb7 53.
Kxb7 a5 54. bxa5 b4 55. a6 b3 56. a7 b2 57. a8=Q b1=Q+ 58. Ka7 Kc7 0-1

[Event "26.Off.Bayer.Senioren-EM 2014"]
[Site "Bergen"]
[Date "2014.06.25"]
[Round "6.31"]
[White "Worschech, Roland"]
[Black "Moderegger, Ludwig"]
[Result "1-0"]
[WhiteElo "1730"]
[BlackElo "1528"]
[PlyCount "43"]
[EventDate "2014.??.??"]
[WhiteTeam "SK 1907 Kulmbach"]
[BlackTeam "SF Bad Reichenhall"]

1. d4 Nf6 2. c4 e6 3. Nc3 b6 4. e4 d6 5. Nf3 Be7 6. Bd3 Nbd7 7. O-O O-O 8. h3
Bb7 9. Bf4 c5 10. d5 e5 11. Be3 h6 12. Nh2 Nh7 13. Qd2 Bg5 14. Ne2 Bc8 15. f4
exf4 16. Nxf4 Ne5 17. Nf3 Bf6 18. Be2 Re8 19. Nxe5 Bxe5 20. Nd3 Nf6 21. Bf3 Ba6
22. Rfe1 1-0

[Event "26.Off.Bayer.Senioren-EM 2014"]
[Site "Bergen"]
[Date "2014.06.25"]
[Round "6.32"]
[White "Abel, Hans-Peter"]
[Black "Steffl, Herbert"]
[Result "1-0"]
[WhiteElo "1715"]
[BlackElo "1512"]
[PlyCount "43"]
[EventDate "2014.??.??"]
[WhiteTeam "SC Leinfelden"]
[BlackTeam "ASV J'Adoube Grassau SAB"]

1. Nf3 Nf6 2. c4 c5 3. Nc3 Nc6 4. g3 e6 5. Bg2 d5 6. cxd5 Nxd5 7. O-O Be7 8. d4
Nxc3 9. bxc3 O-O 10. e3 Rb8 11. Qc2 cxd4 12. cxd4 Bd7 13. Bd2 Rc8 14. Qb2 b6
15. Rfc1 Bd6 16. Bc3 f6 17. Nd2 Qe7 18. a3 Nb8 19. Ne4 a5 20. Nxd6 Qxd6 21.
Rab1 a4 22. Bb4 1-0

[Event "26.Off.Bayer.Senioren-EM 2014"]
[Site "Bergen"]
[Date "2014.06.25"]
[Round "6.33"]
[White "Walch, Roger"]
[Black "Sandner, Josef"]
[Result "1-0"]
[WhiteElo "1681"]
[BlackElo "1461"]
[PlyCount "90"]
[EventDate "2014.??.??"]
[WhiteTeam "SW Nürnberg Süd e.V."]
[BlackTeam "SG Traunstein/Traunreut e.V."]

1. e4 c5 2. Nf3 d6 3. d4 cxd4 4. Nxd4 Nf6 5. Nc3 g6 6. f3 Bg7 7. Be3 O-O 8. Qd2
Nc6 9. Bc4 Bd7 10. h4 Rb8 11. O-O-O a6 12. h5 b5 13. Bb3 b4 14. Nd5 Nxd5 15.
Bxd5 Nxd4 16. hxg6 hxg6 17. Bxd4 e5 18. Be3 Be6 19. Bg5 Qd7 20. Bh6 f6 21. Bxg7
Kxg7 22. Qh6+ Kf7 23. Qh7+ Ke8 24. Qxg6+ Bf7 25. Qg7 Bxd5 26. Qxd7+ Kxd7 27.
Rxd5 Kc6 28. Rh7 Rb5 29. Rd3 a5 30. Ra7 d5 31. Rxd5 Rxd5 32. exd5+ Kxd5 33.
Rxa5+ Kc4 34. b3+ Kd4 35. Kd2 Rh8 36. Rb5 Rh2 37. Rxb4+ Kd5 38. Rg4 Rh1 39. c4+
Kc5 40. Kc3 Rc1+ 41. Kb2 Re1 42. Rg6 Kb4 43. a3+ Kc5 44. Kc3 Re3+ 45. Kc2 f5
1-0

[Event "26.Off.Bayer.Senioren-EM 2014"]
[Site "Bergen"]
[Date "2014.06.25"]
[Round "6.34"]
[White "Janzen, Christian"]
[Black "Klimpel, Siegfried"]
[Result "0-1"]
[WhiteElo "1579"]
[BlackElo "1662"]
[PlyCount "38"]
[EventDate "2014.??.??"]
[WhiteTeam "TSV Marienfelde 1890 e.V."]
[BlackTeam "TSV Kareth-Lappersdorf"]

1. e4 e5 2. Nf3 d5 3. exd5 e4 4. Qe2 Nf6 5. Nc3 Be7 6. Nxe4 O-O 7. d3 Re8 8.
Be3 Nxd5 9. O-O-O Nc6 10. c4 Nxe3 11. fxe3 Nb4 12. a3 Nc6 13. Qd2 a5 14. Be2
Bf5 15. Nc3 a4 16. Nd5 Na5 17. Nxe7+ Qxe7 18. Qc2 Qxe3+ 19. Kb1 Qxe2 0-1